000 01225cam a22003257a 4500
003 CHAP
005 20220329141843.0
008 980309d1997 mx r 00110 spa d
010 _a74841
011 _a75813
035 _a85383
040 _cCHAP
090 _aTesis
100 0 0 _aRazo Lara, Normalicia.
_994890
245 1 0 _aResistencia de cuatro genotipos de frijol (Phaseolus vulgaris L.) criollo zacatecano al ataque de Zabrotes subfasciatus (Boheman) (Coleoptera : Bruchidae)
_c/por Normalicia Razo Lara
260 _aChapingo, Méx. :
_bEl autor,
_c1997.
300 _a33 h. :
_bgráfs.
502 _aTesis (Ing. Agr. Esp. en Parasitología Agrícola) -- UACH. Departamento de Parasitología Agrícola
590 _aALEPH
_b10
_c20130110
_lUCH01
_h1421
590 _aBATCH-UPD
_b10
_c20130110
_lUCH01
_h0401
590 _aBATCH-UPD
_b10
_c20130110
_lUCH01
_h2131
590 _aCONVERSION
_b10
_c20130109
_lUCH01
_h1341
650 1 4 _aFrijol
_xVariedades resistentes a plagas.
_943450
650 1 4 _aZabrotes subfasciatus.
_9123383
901 _aBK
905 _aGuadalupe Pinto C.
942 _cFOLL
949 _bBC
_cTES
_d33724000629358
_eTS2
_fc.2
_h32003
_i85383
_sb
949 _bBC
_cTES
_d853831
_eTS1
_h32002
_i85383
_sb
999 _c74841
_d74841